| 000 | 01213nas a2200289 4500 | ||
|---|---|---|---|
| 001 | BR8400802 | ||
| 003 | BR-BrBNA | ||
| 005 | 20231205085808.0 | ||
| 007 | ta | ||
| 008 | 230509b bl.|||p| |||| 00| 00por d | ||
| 040 |
_aBR-BrBNA _bpor _cBiblioteca Nacional de Agricultura |
||
| 041 | _a(Pt) | ||
| 072 | _aH10 | ||
| 100 | 1 | _aOsuna, J.A. | |
| 100 | 1 | _aAraujo, S.M.C. de | |
| 100 | 1 | _aLara, F.M. | |
| 100 | 1 | _aCaetano, M. de F. | |
| 245 | 1 | _aAnalise e selecao dos caracteres associados a resistencia a lagarta da espiga, Heliothis zea (Boddie, 1850)(Lepidoptera, Noctuidae)no Composto Dentado Jaboticabal, 11 ciclo de selecao massal [milho, Zea mays, Sao Paulo, Brasil] | |
| 246 | 1 | _aAnalysis and selection of characters associated to resistance to corn earworn, Heliothis zea (Boddie, 1850)(Lepidoptera-Noctuidae)in the Dent Composite Jaboticabal, 11 cycle [maize, Zea mays, Sao Paulo, Brazil] | |
| 650 | _aMILHO | ||
| 650 | _aLAGARTA DA ESPIGA | ||
| 650 | _aVARIEDADE RESISTENTE | ||
| 650 | _aSAO PAULO | ||
| 773 | 0 |
_tAnais da Sociedade Entomologica do Brasil (Brazil) _xISSN 0301-8059 _g(1983), v. 12(2) p. 175-185 _wBR8400802 |
|
| 909 |
_a202311 _bLúcia _c55 _dLúcia Elande |
||
| 942 |
_2AGRIS _n0 _cANA |
||
| 999 |
_c113865 _d113865 |
||